| 000 | 01738nam a2200421Ii 4500 | ||
|---|---|---|---|
| 001 | DIGEDUNAV0047 | ||
| 003 | NyNyDIG | ||
| 006 | m o d | ||
| 007 | cr ||||||||||| | ||
| 008 | 220611s2008 sp o 100 0 spa d | ||
| 035 | _a(OCoLC)1054060880 | ||
| 040 |
_aDGITA _beng _erda _epn _cDGITA |
||
| 020 | _z9788431325718 | ||
| 050 | 1 | 4 | _aBS511.3 ebook |
| 082 | 0 | 4 | _a220.6 |
| 245 | 0 | 0 |
_aPalabra de Dios, sagrada escritura, Iglesia / _cedición dirigida por Vicente Balaguer y Juan Luis Caballero. |
| 264 | 1 |
_aPamplona, España : _bEUNSA, Ediciones Universidad de Navarra, _c[2008] |
|
| 300 | _a1 online resource. | ||
| 336 |
_atext _btxt _2rdacontent |
||
| 337 |
_acomputer _bc _2rdamedia |
||
| 338 |
_aonline resource _bcr _2rdacarrier |
||
| 347 |
_atext file _2rdaft |
||
| 347 | _bPDF | ||
| 490 | 1 |
_aSimposios internacionales de teología ; _v29 |
|
| 588 | 0 | _aOnline resource; title from PDF title page (Digitalia, viewed June 11, 2022) | |
| 630 | 0 | 0 |
_aBible _vCongresses. |
| 655 | 0 | _aElectronic books. | |
| 700 | 1 |
_aBalaguer, Vicente, _eeditor. |
|
| 700 | 1 |
_aCaballero, Juan Luis, _eeditor. |
|
| 711 | 2 |
_aSimposio Internacional de Teología de la Universidad de Navarra _n(29th : _d2008 : _cPamplona, Spain) |
|
| 791 | 2 |
_aDigitalia (Firm), _edistributor. |
|
| 793 | 0 |
_gDigitalia eBook Collection: _aEdiciones Universidad de Navarra |
|
| 776 | 0 | 8 |
_iPrint version: _tPalabra de Dios, sagrada escritura, Iglesia. _bPrimera edición. _dPamplona, España : EUNSA, Ediciones Universidad de Navarra, [2008] _z9788431325718 |
| 830 | 0 |
_aSimposios internacionales de teología ; _v29. |
|
| 856 | 4 | 0 |
_3Digitalia Hispánica _uhttps://www.digitaliapublishing.com/a/51352/ |
| 910 | _aPremium collection: 2022 | ||
| 942 | _cRAA | ||
| 999 |
_c252481 _d252481 |
||